A carregar...

Compensation and reward management /

Detalhes bibliográficos
Autor principal: Singh, B D .
Formato: Printed Book
Publicado em: New Delhi : Excel Books , 2007.
Edição:2nd ed.;
Assuntos:
LEADER 00610cam a2200169ua 4500
020 |a 81-7446-546-4 
082 1 4 |a 658.4072  |b SIN-C 
100 1 |a Singh, B D . 
245 1 0 |a Compensation and reward management /  
250 |a 2nd ed.; 
260 |a New Delhi :   |b Excel Books ,   |c 2007. 
300 |a 419p. ;  
650 0 |a Compensation management 
942 |c BK 
999 |c 41379  |d 41379 
952 |0 0  |1 0  |4 0  |6 658_407200000000000_SINC  |7 0  |9 53132  |a KU  |b KU  |d 2015-07-05  |l 0  |o 658.4072 SIN-C  |p MB04986  |r 2015-07-05  |y BK 
952 |0 0  |1 0  |4 0  |6 658_407200000000000_SINC  |7 0  |9 53133  |a KU  |b KU  |d 2015-07-05  |l 0  |o 658.4072 SIN-C  |p MB05922  |r 2015-07-05  |y BK